000 00291nam a22001337a 4500
008 171023b xxu||||| |||| 00| 0 eng d
020 _a9780321080974
041 _aeng
080 _a311
100 _a55
101 _aSTA
245 _aMATHEMATICS FOR BUSINESS
_cSALZMAN
942 _2udc
_cBK
999 _c35588
_d35588